Cookie and cracker technology

Uloženo v:
Podrobná bibliografie
Hlavní autor: Matz, Samuel A. (autor)
Médium: Kniha
Jazyk:angličtina
Vydáno: Westport The AVI Publishing Company 1978
Vydání:2a. ed
Témata:
Tagy: Přidat tag
Žádné tagy, Buďte první, kdo vytvoří štítek k tomuto záznamu!

MARC

LEADER 00000nam a2200000 a 4500
001 UCR5720
003 CL-VaPUC
008 980403e19780000US |||||||||||||||||eng|d
082 0 4 |a 641.8654  |b MAT  |2 21 
100 |a Matz, Samuel A.  |e autor  |9 436359 
245 1 0 |a Cookie and cracker technology 
250 |a 2a. ed 
300 |a 394 p 
942 |c BK 
945 |d 19980403 00:00:00  |a crobeson 
260 |a Westport  |b The AVI Publishing Company  |c 1978 
650 7 |a GALLETAS  |2 CL-VaPUC  |9 406685 
650 7 |a BISCOCHOS  |2 CL-VaPUC  |9 406686 
650 7 |a PANIFICACION  |2 CL-VaPUC  |9 406539 
650 7 |a PRODUCTOS DE PANADERIA  |2 CL-VaPUC  |9 365956 
583 |a last modification  |c 19980403 00:00:00  |k Rodrigo Vera 
999 |c 268175  |d 268173 
952 |0 0  |1 0  |4 0  |6 641_865400000000000_MAT_1978  |7 0  |8 A  |9 301122  |a BIBALI  |b BIBALI  |c GEN  |d 2019-11-20  |i 1977903  |o 641.8654 MAT 1978  |p 1977903  |r 2025-01-20  |w 2019-11-20  |y BK  |k ALI